书目信息 |
| 题名: |
情报分析心理学
|
|
| 作者: | 霍耶尔 著 ;张魁 , 朱里克 译 | |
| 分册: | ||
| 出版信息: | 北京 金城出版社有限公司 2025.01 |
|
| 页数: | 237页 | |
| 开本: | 23cm | |
| 丛书名: | 情报与反情报丛书 | |
| 单 册: | ||
| 中图分类: | G252.0 | |
| 科图分类: | ||
| 主题词: | 情报分析--情报心理学 | |
| 电子资源: | ||
| ISBN: | 978-7-5155-2661-4 | |
| 000 | 01190nam0 2200301 450 | |
| 001 | 013377227 | |
| 005 | 20251022190431.15 | |
| 010 | @a978-7-5155-2661-4@dCNY58.00 | |
| 100 | @a20250122d2025 em y0chiy0120 ea | |
| 101 | 1 | @achi@ceng |
| 102 | @aCN@b110000 | |
| 105 | @aa z 000yy | |
| 106 | @ar | |
| 200 | 1 | @a情报分析心理学@9qing bao fen xi xin li xue@dPsychology of intelligence analysis@f(美)小理查兹·J. 霍耶尔(Richards J. Heuer, Jr.)著@g张魁,朱里克译@zeng |
| 205 | @a2版 | |
| 210 | @a北京@c金城出版社有限公司@d2025.01 | |
| 215 | @a237页@c图@d23cm | |
| 225 | 2 | @a情报与反情报丛书@v021 |
| 330 | @a本书由思维机制、思维工具、认知偏见和情报分析的改进等内容组成,主要探讨了人类在判断不完整或模糊信息过程中的认知心理问题,以及这些不可避免的问题如何对情报分析产生影响,而我们又怎样有效克服这些影响。 | |
| 461 | 0 | @12001 @a情报与反情报丛书 |
| 510 | 1 | @aPsychology of intelligence analysis@zeng |
| 606 | 0 | @a情报分析@x情报心理学 |
| 690 | @aG252.0@v5 | |
| 701 | 0 | @c(美)@a霍耶尔@9huo ye er@c(Heuer, Richards J., Jr.)@4著 |
| 702 | 0 | @a张魁@9zhang kui@4译 |
| 702 | 0 | @a朱里克@9zhu li ke@4译 |
| 801 | 0 | @aCN@c20250905 |
| 905 | @a河南城建学院图书馆@dG252@eH979=2@ZH979=2@f1 | |
| 情报分析心理学=Psychology of intelligence analysis/(美)小理查兹·J. 霍耶尔(Richards J. Heuer, Jr.)著/张魁,朱里克译.-2版.-北京:金城出版社有限公司,2025.01 |
| 237页:图;23cm.-(情报与反情报丛书;021) |
| ISBN 978-7-5155-2661-4:CNY58.00 |
| 本书由思维机制、思维工具、认知偏见和情报分析的改进等内容组成,主要探讨了人类在判断不完整或模糊信息过程中的认知心理问题,以及这些不可避免的问题如何对情报分析产生影响,而我们又怎样有效克服这些影响。 |
| ● |
| 相关链接 |
|
|
|
正题名:情报分析心理学
索取号:G252/H979=2
 
预约/预借
| 序号 | 登录号 | 条形码 | 馆藏地/架位号 | 状态 | 备注 |
| 1 | 1631161 | 216311612 | 社科库409/409社科库 59排2列3层/ [索取号:G252/H979=2] | 在馆 |